header

A psychology of orientation (Record no. 7739)

MARC details
000 -LEADER
fixed length control field 01279nam a22003254a 4500
001 - CONTROL NUMBER
control field ebr10023315
003 - CONTROL NUMBER IDENTIFIER
control field CaPaEBR
006 - FIXED-LENGTH DATA ELEMENTS--ADDITIONAL MATERIAL CHARACTERISTICS--GENERAL INFORMATION
fixed length control field m u
007 - PHYSICAL DESCRIPTION FIXED FIELD--GENERAL INFORMATION
fixed length control field cr cn|||||||||
008 - FIXED-LENGTH DATA ELEMENTS--GENERAL INFORMATION
fixed length control field 010713s2002 ctua sb 001 0 eng
010 ## - LIBRARY OF CONGRESS CONTROL NUMBER
Canceled/invalid LC control number 2001036686
020 ## - INTERNATIONAL STANDARD BOOK NUMBER
Cancelled/invalid ISBN 0275975568 (alk. paper)
040 ## - CATALOGING SOURCE
Original cataloging agency CaPaEBR
Transcribing agency CaPaEBR
035 ## - SYSTEM CONTROL NUMBER
System control number (OCoLC)70720878
050 14 - LIBRARY OF CONGRESS CALL NUMBER
Classification number BF468
Item number .E36 2002eb
082 04 - DEWEY DECIMAL CLASSIFICATION NUMBER
Classification number 153.7/53
Edition number 21
100 1# - MAIN ENTRY--PERSONAL NAME
Personal name Edwards, Allen Jack,
Dates associated with a name 1926-
245 12 - TITLE STATEMENT
Title A psychology of orientation
Medium [electronic resource] :
Remainder of title time awareness across life stages and in dementia /
Statement of responsibility, etc Allen Jack Edwards.
260 ## - PUBLICATION, DISTRIBUTION, ETC. (IMPRINT)
Place of publication, distribution, etc Westport, Conn. :
Name of publisher, distributor, etc Praeger,
Date of publication, distribution, etc 2002.
300 ## - PHYSICAL DESCRIPTION
Extent xii, 278 p. :
Other physical details ill.
504 ## - BIBLIOGRAPHY, ETC. NOTE
Bibliography, etc Includes bibliographical references (p. [257]-273) and index.
533 ## - REPRODUCTION NOTE
Type of reproduction Electronic reproduction.
Place of reproduction Palo Alto, Calif. :
Agency responsible for reproduction ebrary,
Date of reproduction 2013.
Note about reproduction Available via World Wide Web.
-- Access may be limited to ebrary affiliated libraries.
650 #0 - SUBJECT ADDED ENTRY--TOPICAL TERM
Topical term or geographic name as entry element Time perception.
Topical term or geographic name as entry element Time perspective.
Topical term or geographic name as entry element Time
General subdivision Psychological aspects.
Topical term or geographic name as entry element Dementia
General subdivision Treatment.
655 #7 - INDEX TERM--GENRE/FORM
Genre/form data or focus term Electronic books.
Source of term local
710 2# - ADDED ENTRY--CORPORATE NAME
Corporate name or jurisdiction name as entry element ebrary, Inc.
856 40 - ELECTRONIC LOCATION AND ACCESS
Uniform Resource Identifier <a href="http://site.ebrary.com/lib/rucke/Doc?id=10023315">http://site.ebrary.com/lib/rucke/Doc?id=10023315</a>
Public note An electronic book accessible through the World Wide Web; click to view

No items available.

© 2026 Rongo University
Contact us: librarian | system librarian | Rongo university